| 000 | 00831nam a22002297a 4500 | ||
|---|---|---|---|
| 999 |
_c900 _d900 |
||
| 003 | AR-CdUCM | ||
| 008 | 190225b ||||| |||| 00| 0 spa d | ||
| 040 |
_aMUNICIPALIDAD PROVINCIAL DEL CUSCO _cBIBLIOTECA MUNICIPAL DEL CUSCO |
||
| 041 | _hfre | ||
| 082 |
_a248.4 / _bM433 |
||
| 100 |
_aMatignon, Romain _93458 |
||
| 245 |
_aVida Religiosa, Celibato y Equilibrio Psíquico : _bPatología y Equilibrio Interior / |
||
| 260 |
_aBarcelona : _bNova terra, _c1968. |
||
| 300 |
_a167 paginas ; _c20 cm. |
||
| 505 | _aEl equilibrio -- Las motivaciones en la estructura de la persona -- La vocación y sus motivaciones -- Elección y compromiso... | ||
| 650 |
_aPersonalidad _9925 |
||
| 650 |
_aDesarrollo humano _93459 |
||
| 650 |
_aPsicoterapia _93460 |
||
| 650 |
_aVocacion _93461 |
||
| 942 |
_2ddc _cLIBROS |
||
| 945 |
_awnts _d2019-02-25 |
||